000 01048nam a2200325 a 4500
001 000110351
003 CHAP
005 20220329144128.0
008 140820s2010 sp |r| ||||||spa d
010 _a106813
011 _a107785
020 _a9781878424693
040 _cCHAP
082 0 4 _a299.792
_bR93
100 1 _aRuiz, Miguel Ángel
_9127902
245 1 3 _aEl quinto acuerdo :
_buna guía práctica para la maestría personal (Un libro de sabiduría tolteca) /
_cpor Miguel Ángel Ruíz, Jose Luis Ruíz y Janet Mills.
260 _aBarcelona :
_bUrano,
_cc2010.
300 _axiv, 250 p.
534 _pTít. original :
_tThe fifth agreement - a toltec wisdom book.
590 _aE11695DGD
_b10
_c20140826
_lUCH01
_h0925
590 _aE5995AHE
_b05
_c20140820
_lUCH01
_h1042
650 _aFilosofía tolteca
_9127905
650 1 4 _aConducta de vida
_vNovela.
_9127768
650 1 4 _aCreencia y duda.
_928881
700 1 _aMills, Janet
_9127904
700 1 _aRuiz, Jose Luis
_9127903
901 _aBK
942 _cLIBRO
942 _n0
999 _c106813
_d106813